Statistics for Countries with the most Indians

Click here to take the quiz!

General Stats

  • This quiz has been taken 44 times
  • The average score is 8 of 10

Answer Stats

DiasporaCountry% Correct
3.8 MillionUnited States
100%
1.4 MillionUnited Kingdom
95%
1.3 MillionCanada
93%
4.1 MillionSaudi Arabia
84%
3.4 MillionUnited Arab Emirates
82%
1.1 MillionPakistan
80%
1.6 MillionSri Lanka
77%
3.0 MillionMalaysia
61%
1.5 MillionSouth Africa
57%
2.0 MillionMyanmar
45%

Score Distribution

Percentile by Number Answered

Percent of People with Each Score

Your Score History

You have not taken this quiz